Deadliest Diseases - Statistics

General Stats
  • This quiz has been taken 232 times
    183 since last reset
  • The average score is 9 of 25
Answer Stats
Clue Disease % Correct
Since its discovery AIDS has caused over 30 million deaths HIV
97%
Misquito born infectious disease Malaria
89%
First found in Republic of the Congo Ebola
75%
Commonly known as the flu Influenza
61%
Was declared as officialy over Influenza A-H1N1
61%
Can be caused by smoking Lung Cancer
50%
Has claimed numerous lives Smallpox
50%
Large outbreaks in Asia and Africa Avian Influenza
43%
Caused by drinking water or eating food Cholera
41%
Usually attacking the lungs Tuberculosis
34%
Covers the brain and spinal cord Meningitis
32%
Outbreak occured of June, 2003 SARS
31%
Also known as "Pertussis" Whooping Cough
31%
Known as a zoonotic disease Bubonic Plague
27%
Contagious of roughly 90% Measles
27%
Often involves a cut or deep puncture wound Tetanus
21%
Huge outbreak in 1793 and 1873 Yellow Fever
20%
A fancy way of saying heart attack Ischemic Heart Disease
19%
Eats away through your skin Leprosy
15%
Caused by noxious particles or gas Chronic Obstructive Pulmonary Disease
11%
Second most common cause of death worldwide Diarrhea
6%
A fancy way of saying stroke Cerebrovascular Disease
5%
Includes Rashes and Heart Problems Syphilis
4%
Two Types-Bronchitis and Pneumonia Lower Respiratory Infections
3%
Pregnancy and child birth Perinatal Complications
1%
No matching quizzes found
Score Distribution
Percent of People with Each Score
Percentile by Number Answered
Your Score History
You have not taken this quiz since the last reset